Technika vysokonapäťovej izolácie : Návody na cvičenia /

Guardado en:
Detalles Bibliográficos
Autores principales: Hradský, Štefan (Autor), Psotka, Jozef (Autor)
Formato: Libro
Lenguaje:eslovaco
Publicado: Bratislava : STU v Bratislave, 1984
Edición:2.vyd.
Etiquetas: Agregar Etiqueta
Sin Etiquetas, Sea el primero en etiquetar este registro!

MARC

LEADER 00000nam a22000003a 4500
001 stu6985
005 20150617225809.4
008 940801s1984----cs------------------slo-d
040 |a STU  |b slo 
041 0 |a slo 
044 |a cs 
100 1 |a Hradský, Štefan  |4 aut 
245 1 |a Technika vysokonapäťovej izolácie :  |b Návody na cvičenia /  |c [aut.] Hradský,řtefan; Psotka,Jozef 
250 |a 2.vyd. 
260 |a Bratislava :  |b STU v Bratislave,  |c 1984 
300 |a 113 s 
700 1 |a Psotka, Jozef  |4 aut 
996 |b E53735  |c E*53735  |l EE01  |s A  |a 24  |w stu6985_0001